Borussia Dortmund Squad 2020-2021 - Statistics

General Stats
  • This quiz has been taken 144 times
    113 since last reset
  • The average score is 21 of 30
Answer Stats
# Position Nation Player % Correct
9 FW Norway Erling Haaland
97%
7 FW England Jadon Sancho
94%
11 MF Germany Marco Reus
94%
1 GK Switzerland Roman Bürki
94%
22 MF England Jude Bellingham
87%
15 DF Germany Mats Hummels
87%
10 FW Belgium Thorgan Hazard
87%
32 MF United States Giovanni Reyna
84%
16 DF Switzerland Manuel Akanji
84%
6 MF Denmark Thomas Delaney
84%
13 MF Portugal Raphaël Guerreiro
83%
35 GK Switzerland Marwin Hitz
80%
28 MF Belgium Axel Witsel
79%
5 DF France Dan-Axel Zagadou
76%
19 MF Germany Julian Brandt
74%
24 DF Belgium Thomas Meunier
72%
8 MF Syria Mahmoud Dahoud
70%
23 MF Germany Emre Can
68%
2 DF Spain Mateu Morey
66%
20 MF Brazil Reinier Jesus
66%
26 DF Poland Łukasz Piszczek
65%
14 DF Germany Nico Schulz
60%
18 FW Germany Youssoufa Moukoko
55%
29 DF Germany Marcel Schmelzer
52%
- Coach Germany Edin Terzić
50%
- Coach Switzerland Lucien Favre
50%
30 DF Germany Felix Passlack
36%
25 GK Germany Luca Unbehaun
33%
27 FW Germany Steffen Tigges
33%
37 MF Germany Tobias Raschl
26%
No matching quizzes found
Score Distribution
Percent of People with Each Score
Percentile by Number Answered
Your Score History
You have not taken this quiz since the last reset